00347nam a22001097a 4500008004100000020002300041082001500064100001800079245008300097260004100180300001600221240902b |||||||| |||| 00| 0 eng d a9788172248574qpbk a650.1bRYE aRye, David E. a1001 Ways to Inspirebyour organization, your team and yourselfcDavid E. Rye  aMumbaibJaico Publishing Housec2010 a271c23 cm.